000 00945nam0a2200277 4500
001 RU\NLR\bibl\1844789
005 20250616173619.0
010 _a978-5-377-04725-4
_910000
021 _aRU
_b2011-92349
_96620
035 _a(NLR Aleph) 001835225
090 _a2195281
_c2195281
100 _a20111208d2012 |||y0rusy50 ca
101 0 _arus
102 _aRU
105 _ay |||||||||
200 1 _aДомашняя работа по математике за 6 класс к учебнику "Математика. 6 класс. Ч. 2..."
205 _aИзд. 7-е, перераб. и испр.
210 _aМосква
_cЭкзамен
_d2012
215 _d20
225 1 _aРешебник
700 1 _aРылов
_bА С
_4070
801 0 _aRU
_bNLR
_c20111208
_gRCR
801 1 _aRU
_bNLR
_c20111208
942 _cBOOK
980 _aNB